00773nam a22001937a 450000500170000001000150001702000270003203500140005903700090007308200120008210000250009424500880011926000530020727000780026030000200033894200260035899900190038495201760040320241218123031.0 aENG-143071 a9789391581350c1995.00 aEN-126603 bDBAD a150.724 aAgyajit Singh975347 aPositive Psychology: cBy Agyajit SinghbAn Emerging Trend of Twenty-First Century/ aNew DelhibPsycho Information Technologiesc2022 aB-5, Mukherjee Tower Commercial Complex,bNew Delhie110009k011-23246222 a317p.c24cm(hb) 2ddccENmAGYh150.724 c207796d207796 001040708NFICaLbLd2024-12-18eDelivery of Books Divisiong1995.00l3oAGY 150.724pEN-126603q2026-06-10r2026-05-27 16:23:15s2026-05-27t1v1995.00w2024-12-18yEN